Handball-Weltmeister der Damen - Statistiken

Allgemein
  • Dieses Quiz wurde 403 mal gespielt
    332 seit der letzten Aktualisierung
  • Das Durchschnittsergebnis liegt bei 17 aus 24
Antwortstatistiken
Jahr Weltmeister % Korrekt
1993 Deutschland
99%
1997 Dänemark
92%
2003 Frankreich
90%
2017 Frankreich
90%
1999 Norwegen
89%
2011 Norwegen
89%
2015 Norwegen
89%
2001 Russland
81%
2005 Russland
81%
2007 Russland
81%
2009 Russland
81%
2019 Niederlande
74%
1982 Sowjetunion
70%
1986 Sowjetunion
70%
1990 Sowjetunion
70%
1973 Jugoslawien
63%
1965 Ungarn
56%
1962 Rumänien
55%
1957 Tschechoslowakei
53%
2013 Brasilien
50%
1971 DDR
49%
1975 DDR
49%
1978 DDR
49%
1995 Südkorea
25%
Keine übereinstimmenden Quizze gefunden
Verteilung der Resultate
Anzahl Personen mit jedem Resultat
Perzentil nach korrekt beantworteten Fragen
Ihre Resultats-Entwicklung
Sie haben dieses Quiz seit der letzten Aktualisierung nicht gespielt